[Event "AUTO-INT-115"]
[Site "http://www.queenalice.com/game.php?id=89110"]
[Date "2006.7.24"]
[Round "1"]
[White "kall_ms"]
[Black "Wittemberg"]
[Result "1-0"]
[WhiteElo "1569"]
[BlackElo "1321"]

1. e4 c5 2. Bc4 e6 3. Nf3 Nc6 4. d4 b6 5. dxc5 Bxc5 6. O-O Nf6 7. Nc3 Bd6 8. g3
Bb7 9. Re1 Bb4 10. Qd3 O-O 11. a3 Bxc3 12. Qxc3 d5 13. Bb3 Nxe4 14. Qd3 Rc8 15.
Be3 Qf6 16. Nd2 Qxf2+ 17. Bxf2 Nxf2 18. Kxf2 Rfe8 19. c3 f5 20. Re3 Na5 21. Rae1
Rc6 22. Ba4 g5 23. Bxc6 Nxc6 24. Rxe6 1-0

[Event "AUTO-INT-115"]
[Site "http://www.queenalice.com/game.php?id=89111"]
[Date "2006.7.24"]
[Round "1"]
[White "Wittemberg"]
[Black "kall_ms"]
[Result "1-0"]
[WhiteElo "1413"]
[BlackElo "1451"]

1. e4 e5 2. Nf3 Nc6 3. Bb5 a6 4. Bxc6 dxc6 5. Nxe5 Qd4 6. Nf3 Qxe4+ 7. Qe2 Qxe2+
8. Kxe2 Bg4 9. Re1 Bxf3+ 10. Kxf3+ Be7 11. d4 Nf6 12. Bg5 Kd7 13. Nc3 h6 14.
Bxf6 Bxf6 15. Re4 Rhe8 16. Rae1 Be7 17. Na4 Bb4 18. Rxe8 Rxe8 19. Rxe8 Kxe8 20.
c3 Bd6 21. Ke4 Bxh2 22. b4 Bd6 23. Nc5 Bxc5 24. dxc5 b6 25. cxb6 cxb6 26. Ke5
Ke7 27. f4 g6 28. a4 f6+ 29. Kd4 Kd6 30. Ke4 f5+ 31. Kd4 g5 32. fxg5 hxg5 33. a5
bxa5 34. bxa5 c5+ 35. Kd3 Ke5 36. Kc4 Kd6 37. g3 1-0

[Event "AUTO-INT-115"]
[Site "http://www.queenalice.com/game.php?id=89126"]
[Date "2006.7.24"]
[Round "1"]
[White "aarongale"]
[Black "Wittemberg"]
[Result "1-0"]
[WhiteElo "1732"]
[BlackElo "1358"]

1. e4 c5 2. Nf3 Nc6 3. Bb5 Nf6 4. Bxc6 dxc6 5. Nc3 Bg4 6. h3 Be6 7. Ng5 h6 8.
Nxe6 Qc8 9. Nxc5 e5 10. Nd3 Bb4 11. O-O Bxc3 12. bxc3 Nxe4 13. Nxe5 O-O 14. Re1
Qf5 15. Nf3 Qc5 16. Rxe4 f5 17. Re5 Qd6 18. a4 Rae8 19. Rxe8 Rxe8 20. d4 c5 21.
Ba3 b6 22. dxc5 Qc6 23. Nd4 Qe4 24. c6 1-0

[Event "AUTO-INT-115"]
[Site "http://www.queenalice.com/game.php?id=89136"]
[Date "2006.7.24"]
[Round "1"]
[White "jaychess"]
[Black "Wittemberg"]
[Result "1-0"]
[WhiteElo "1719"]
[BlackElo "1434"]

1. e4 c5 2. Bc4 Nc6 3. Nf3 e6 4. Nc3 Nf6 5. O-O Bd6 6. Bb5 Qc7 7. Bxc6 Qxc6 8.
h3 Nxe4 9. Nxe4 Qxe4 10. d3 Qd5 11. Be3 Bc7 12. Qd2 Qd6 13. Qc3 b6 14. Qxg7 Rf8
15. Qxh7 Bb7 16. Bh6 Bxf3 17. g3 Qd4 18. Bxf8 Bxg3 19. Qh6 Qh4 20. Qxh4 Bxh4 21.
Bh6 O-O-O 22. Kh2 Rg8 23. Rg1 Rh8 24. Bg7 Rh5 25. Be5 Rxe5 26. Rg8+ Kc7 27. Rf1
Re2 28. Kg1 Rxc2 29. Rh8 Bf6 30. Rh6 Bg5 31. Rh7 1-0

[Event "AUTO-INT-115"]
[Site "http://www.queenalice.com/game.php?id=89137"]
[Date "2006.7.24"]
[Round "1"]
[White "Wittemberg"]
[Black "jaychess"]
[Result "0-1"]
[WhiteElo "1429"]
[BlackElo "1724"]

1. e4 e5 2. Nf3 Nc6 3. Bb5 b6 4. Bxc6 dxc6 5. c3 Bg4 6. d4 Bxf3 7. Qxf3 exd4 8.
Qd3 dxc3 9. Qxd8+ Rxd8 10. Nxc3 Nf6 11. Bg5 Be7 12. O-O O-O 13. e5 h6 14. exf6
gxf6 15. Bxh6 Rfe8 16. Rad1 Kh7 17. Rxd8 Bxd8 18. Bf4 b5 19. f3 b4 20. Nd1 f5
21. Ne3 c5 22. Nxf5 Kg6 23. Nh4+ Bxh4 24. g3 Bf6 25. Bxc7 Bxb2 26. h4 Bd4+ 27.
Kg2 Re7 28. Bd6 Re6 29. Bf4 Be5 30. Be3 Bd6 0-1

[Event "AUTO-INT-117"]
[Site "http://www.queenalice.com/game.php?id=89636"]
[Date "2006.7.26"]
[Round "1"]
[White "rojen12"]
[Black "Wittemberg"]
[Result "1-0"]
[WhiteElo "1556"]
[BlackElo "1383"]

1. e3 d5 2. c3 Nf6 3. d4 e6 4. Bd3 Bd6 5. Nf3 Nc6 6. Bb5 Qd7 7. Ng5 h6 8. Nf3 a6
9. Bd3 b5 10. b4 e5 11. Bb2 e4 12. Bxe4 dxe4 13. Nfd2 O-O 14. Na3 Qg4 15. Qxg4
Nxg4 16. g3 a5 17. Nxb5 axb4 18. c4 b3 19. Nxb3 Nb4 20. O-O h5 21. Bc3 c6 22.
Nxd6 Nxa2 23. Bd2 Be6 24. Nc5 Nb4 25. Rxa8 Rxa8 26. Bxb4 Rd8 27. Ndxe4 Bxc4 28.
Ra1 Rb8 29. Bc3 Bd3 30. f3 Nxe3 31. Nxd3 g6 32. Kf2 Nd5 33. Bd2 f5 34. Ng5 Kg7
35. Ne5 Rb2 36. Ke1 Rb8 37. Ra7+ Kf6 38. f4 Rb1+ 39. Kf2 Rd1 40. Rf7# 1-0

[Event "AUTO-INT-117"]
[Site "http://www.queenalice.com/game.php?id=89637"]
[Date "2006.7.26"]
[Round "1"]
[White "Wittemberg"]
[Black "rojen12"]
[Result "0-1"]
[WhiteElo "1372"]
[BlackElo "1566"]

1. e4 d5 2. exd5 Qxd5 3. Nc3 Qd8 4. d4 e6 5. Qf3 Nf6 6. Bg5 Be7 7. Bc4 h6 8.
Bxf6 Bxf6 9. O-O-O O-O 10. d5 Qe7 11. Bd3 Nd7 12. Qe4 g6 13. g3 Nc5 14. Qc4 b6
15. dxe6 Bxe6 16. Qf4 Bg5 17. Qxg5 Qxg5+ 18. f4 Qe7 19. Nf3 Bg4 20. Rhf1 Bxf3
21. Rxf3 a5 22. Nd5 Qd8 23. Bc4 Qb8 24. Nf6+ Kh8 25. a3 Qb7 26. Bd5 c6 27. Bc4
Qe7 28. Ng4 h5 29. Nf2 Rad8 30. Nd3 Nxd3+ 31. Bxd3 Qe6 32. h3 Qa2 33. Re3 Qa1+
34. Kd2 Qxb2 0-1

[Event "AUTO-INT-117"]
[Site "http://www.queenalice.com/game.php?id=89650"]
[Date "2006.7.26"]
[Round "1"]
[White "Fernando_Filho"]
[Black "Wittemberg"]
[Result "0-1"]
[WhiteElo "1114"]
[BlackElo "1431"]

1. d4 Nf6 2. c4 e6 3. Nc3 Bb4 4. f3 Bxc3+ 5. bxc3 Nc6 6. Bg5 e5 7. d5 Na5 8. e4
d6 9. Qa4+ c6 10. Bxf6 gxf6 11. dxc6 bxc6 12. c5 O-O 13. cxd6 Qb6 14. Rd1 Qe3+
15. Be2 Qxc3+ 16. Rd2 Be6 17. a3 Nb3 18. Qb4 Qxd2+ 19. Qxd2 Nxd2 20. Kxd2 Rad8
21. Ke3 Rxd6 22. Nh3 Bxh3 23. gxh3 Rd4 0-1

[Event "AUTO-INT-117"]
[Site "http://www.queenalice.com/game.php?id=89651"]
[Date "2006.7.26"]
[Round "1"]
[White "Wittemberg"]
[Black "Fernando_Filho"]
[Result "1-0"]
[WhiteElo "1323"]
[BlackElo "1446"]

1. e4 c5 2. Bc4 Nc6 3. Qf3 Nf6 4. Nc3 Nd4 5. Qd1 e6 6. e5 Ng4 7. Qxg4 Nxc2+ 8.
Kd1 Nxa1 9. d3 b6 10. Nf3 d5 11. Bg5 Be7 12. Bb5+ Bd7 13. Bxd7+ Qxd7 14. Bxe7
Qxe7 15. Qxg7 O-O-O 16. Kd2 Rhg8 17. Qxh7 Rxg2 18. Rxa1 Rdg8 19. Nb5 Rxf2+ 20.
Ke3 d4+ 21. Kxf2 Qe8 22. Nd6+ 1-0

[Event "AUTO-INT-117"]
[Site "http://www.queenalice.com/game.php?id=89660"]
[Date "2006.7.26"]
[Round "1"]
[White "Wittemberg"]
[Black "barcino"]
[Result "0-1"]
[WhiteElo "1295"]
[BlackElo "1536"]

1. e4 e6 2. Nf3 a6 3. Nc3 b5 4. d4 h6 5. b3 g5 6. g4 Bb4 7. Bd2 Nf6 8. e5 Nxg4
9. Ne4 Bxd2+ 10. Qxd2 Bb7 11. h3 Nxe5 12. dxe5 Bxe4 13. Bg2 c6 14. O-O a5 15.
Qd4 Bxc2 16. Rac1 Bf5 17. h4 gxh4 18. Nxh4 Na6 19. Nxf5 exf5 20. Bh3 Rg8+ 21.
Kh2 Qg5 22. f4 Qh5 23. Rg1 Ke7 24. Rxg8 Rxg8 25. Rd1 Qe2+ 0-1

[Event "AUTO-INT-117"]
[Site "http://www.queenalice.com/game.php?id=89661"]
[Date "2006.7.26"]
[Round "1"]
[White "barcino"]
[Black "Wittemberg"]
[Result "1-0"]
[WhiteElo "1529"]
[BlackElo "1302"]

1. e3 d5 2. g3 Nf6 3. b3 Bg4 4. f3 Be6 5. g4 g5 6. h3 c5 7. Nc3 Bg7 8. Bb2 Nc6
9. Bb5 Qd6 10. Nge2 a6 11. Bd3 d4 12. Ne4 Nxe4 13. Bxe4 O-O 14. h4 Rad8 15. hxg5
b5 16. c3 dxc3 17. Bxc3 Bxc3 18. dxc3 Qe5 19. Bxc6 Rxd1+ 20. Rxd1 c4 21. b4 Qxg5
22. e4 Rc8 23. Bd7 Bxd7 24. Rxd7 e6 25. Ng3 1-0

[Event "Challenge"]
[Site "http://www.queenalice.com/game.php?id=90310"]
[Date "2006.7.28"]
[Round "-"]
[White "Wittemberg"]
[Black "Birkoff"]
[Result "0-1"]
[WhiteElo "1397"]
[BlackElo "1386"]

1. e4 d5 2. exd5 Qxd5 3. Nc3 Qe6+ 4. Qe2 Qxe2+ 5. Bxe2 Nc6 6. Bb5 Bd7 7. d4 Nxd4
8. Bxd7+ Kxd7 9. Be3 Nxc2+ 10. Kd1 Nxa1 11. Kc1 Rd8 12. Bxa7 Kc8 13. Kb1 Nf6 14.
Kxa1 Ne4 15. Nf3 e5 16. Nxe4 b6 17. Nxe5 Bd6 18. Nxf7 Kb7 19. Nxh8 Rxh8 20.
Nxd6+ cxd6 21. Bxb6 Kxb6 22. Rd1 Kc6 23. a4 Ra8 24. b3 d5 25. f4 Kc5 26. g4 Ra5
27. h4 Kb4 28. Ka2 Rc5 29. Rd4+ Kc3 30. Rd1 Kc2 31. Re1 Rc3 32. a5 Rxb3 33. a6
Rb8 34. Re2+ Kd3 35. Rb2 Ra8 36. Rb6 d4 37. f5 Ke4 38. Rb7 Rxa6+ 39. Kb3 d3 40.
Rxg7 Rb6+ 41. Kc4 d2 42. Re7+ Kf3 43. Rd7 Ke2 44. Kc5 Rb1 45. g5 Rf1 46. f6 d1=Q
47. Rxd1 Kxd1 48. Kd6 Rf4 0-1

[Event "AUTO-OPEN-353"]
[Site "http://www.queenalice.com/game.php?id=94335"]
[Date "2006.8.10"]
[Round "1"]
[White "Baranduin"]
[Black "Wittemberg"]
[Result "1-0"]
[WhiteElo "1501"]
[BlackElo "1369"]

1. g3 e5 2. c4 Nf6 3. Nc3 Bb4 4. Bg2 Bxc3 5. bxc3 d6 6. d3 Nc6 7. Nf3 O-O 8. O-O
Bg4 9. Rb1 b6 10. Ng5 Nh5 11. Bxc6 1-0

[Event "AUTO-OPEN-353"]
[Site "http://www.queenalice.com/game.php?id=94336"]
[Date "2006.8.10"]
[Round "1"]
[White "Wittemberg"]
[Black "Baranduin"]
[Result "0-1"]
[WhiteElo "1381"]
[BlackElo "1489"]

1. e4 c5 2. Nf3 d6 3. Nc3 Nc6 4. Bb5 Bd7 5. d4 cxd4 6. Nxd4 Nxd4 7. Bxd7+ Qxd7
8. Qxd4 Nf6 9. Bf4 e5 10. Bxe5 dxe5 0-1

[Event "AUTO-OPEN-353"]
[Site "http://www.queenalice.com/game.php?id=94363"]
[Date "2006.8.10"]
[Round "1"]
[White "dimis283"]
[Black "Wittemberg"]
[Result "1-0"]
[WhiteElo "1717"]
[BlackElo "1425"]

1. c4 e5 2. Nc3 Nc6 3. g3 Bb4 4. Bg2 Nge7 5. Nf3 d6 6. O-O Bxc3 7. bxc3 d5 8.
cxd5 Nxd5 9. Qb3 O-O 10. Nxe5 Nxe5 11. Qxd5 Qxd5 12. Bxd5 c6 13. Bg2 1-0

[Event "AUTO-OPEN-353"]
[Site "http://www.queenalice.com/game.php?id=94364"]
[Date "2006.8.10"]
[Round "1"]
[White "Wittemberg"]
[Black "dimis283"]
[Result "0-1"]
[WhiteElo "1425"]
[BlackElo "1708"]

1. e4 c5 2. Nf3 d6 3. Bb5+ Bd7 4. Bc4 Nf6 5. Ng5 e6 6. d3 b5 7. Bb3 Nc6 8. Nc3
a6 9. Be3 Be7 10. O-O Na5 11. Qg4 Nxg4 12. Bf4 Bxg5 0-1